000 00742nam a2200205Ia 4500
001 5056
003 GE_BSU
008 181216s||||||||xx |||||||||||||| ||und||
040 _cGE_BSU
080 _a624.012.35
100 _aНаучн. ред. А.Ф.Милованов.
245 _aУнификация железобетонных инженерных сооружении
245 _cСычев,В.И. Спиридонов,В.М. Приходько,И.С.
260 _aМ.
260 _bСтройиздат.
260 _c1971.
300 _a215 стр. с илл. 27 см. Библиогр. стр. 212-213.
653 _aУнификация железобетонных инженерных сооружении
942 _cBK
999 _c38739
_d38739